História cirkevného zboru evanjelickej cirkvi a.v. na Slovensku so sídlom v Hontianskych Moravciach

Bibliographic Details
Main Author: Naď, Miloslav (Author)
Format: Book
Language:Slovak
Published: [Nitra Garmond] 2014
Edition:1. vyd.
Subjects:

MARC

LEADER 00000nam a2200000 a 4500
001 vtls010647740
003 SK-MaSNL
005 20260301134106.0
008 240314s2014 xo o g n 000 0 slo
015 |a SNBA2015/02 
020 |a 9788089703067  |q (viaz.) 
035 |a D10D80E4-74EF-4E5B-8DDA-887F39682ED1 
035 |a urn:nbn:sk:snk-amjpsn 
035 |a urn:nbn:sk:snk-am000y2d 
040 |a SNK  |b slo  |c SNK  |e AACR2 
041 0 |a slo  |b eng  |b ger 
043 |a e-xo--- 
044 |a xo  |c SK 
072 7 |a 271/279  |x Kresťanské cirkvi, sekty, denominácie  |2 konspekt 
080 |a 27-4  |2 2001 
080 |a (437.6)  |2 2001 
080 |a (048.8)  |2 2001 
080 |a 274/279  |2 2001 
080 |a 274/278-726.6  |2 2001 
080 |a 27-9  |2 2001 
080 |a 2-6  |2 2001 
100 1 |a Naď, Miloslav  |4 aut  |9 370348 
245 1 0 |a História cirkevného zboru evanjelickej cirkvi a.v. na Slovensku so sídlom v Hontianskych Moravciach  |c [autor: Miloslav Naď] 
250 |a 1. vyd. 
260 |a [Nitra  |b Garmond]  |c 2014 
300 |a 127 s.  |b fotogr. (prevažne fareb.)  |c 24 cm 
500 |a Vydav. údaje podľa ISBN 
504 |a Bibliogr.: s. 121 
546 |a Res. angl., nem. 
610 2 7 |a Evanjelická cirkev a.v.  |b Cirkevný zbor (Hontianske Moravce, Slovensko)  |2 SNKKA  |9 65273 
650 0 7 |a evanjelické cirkvi  |2 SNKPH  |9 64962 
650 0 7 |a náboženský život  |2 SNKPH  |9 1995 
650 0 7 |a Religious life  |2 SNKPHeng  |9 275462 
650 0 7 |a Evangelical churches  |2 SNKPHeng  |9 268254 
650 0 7 |a evanjelici  |2 SNKPH  |9 4027 
650 0 7 |a Lutherans  |2 SNKPHeng  |9 268616 
650 0 7 |a cirkevné dejiny  |2 SNKPH  |9 3909 
650 0 7 |a Church history  |2 SNKPHeng  |9 266918 
650 0 7 |a náboženské pomery  |2 SNKPH  |9 3860 
651 7 |a Hontianske Moravce (Slovensko)  |2 SNKPH  |9 134482 
651 7 |a Hontianske Moravce (Slovakia)  |2 SNKPHeng  |9 487530 
655 7 |a monografie  |2 SNKPH  |9 70139 
655 7 |a Monographs  |2 SNKPHeng  |9 120675 
919 |a 978-80-89703-06-7 
958 |a NB 
958 |a NT 
999 |c 755686  |d 757616 
952 |a SNK  |b SNK  |y PREZ  |7 0  |p 17A1135350  |o snkSC 162565  |i snk2015/1435  |8 0  |0 0  |1 0  |4 0  |d 2015-01-19  |f 1  |l 0  |r 2025-08-26 00:00:00  |w 2026-02-23 
952 |a SNK  |b SNK  |y VYP  |7 0  |p 17A1135349  |o snkSC 162565 D1  |i snk2015/1436  |8 0  |0 0  |1 0  |4 0  |d 2015-01-19  |l 0  |r 2026-02-23 23:47:36  |w 2026-02-23